| 000 | 00379nam a22001097a 4500 | ||
|---|---|---|---|
| 008 | 230606b xxu||||| |||| 00| 0 eng d | ||
| 082 |
_a336.346762 _bKDR |
||
| 245 |
_aThe State of Kenya's Public Debt (2006-2007) _bOverview, Issues and Next Steps _cKenya Debt Relief Network (KENDREN) |
||
| 260 |
_aNairobi _bKenya Debt Relief Network (KENDREN) _c2007 |
||
| 300 | _a30 p | ||
| 942 |
_2ddc _cBK |
||
| 999 |
_c632 _d632 |
||